[Event "Sardinia World Open A"]
[Site "Orosei ITA"]
[Date "2026.05.05"]
[Round "4.15"]
[White "Fier, Alexandr"]
[Black "Perossa, Nicolas"]
[Result "1/2-1/2"]
[WhiteTitle "GM"]
[BlackTitle "FM"]
[WhiteElo "2578"]
[BlackElo "2332"]
[WhiteFideId "2107139"]
[BlackFideId "2850520"]
[EventDate "2026.05.03"]

1. d4 d5 2. c4 e6 3. Nf3 Nf6 4. g3 Be7 5. Bg2 O-O 6. O-O dxc4 7. Qc2 b5 8. Nc3
a6 9. Ne5 c6 10. Rd1 Nd5 11. Ne4 Qc7 12. b3 c5 13. bxc4 cxd4 14. Nf3 Qxc4 15.
Qxc4 bxc4 16. Nxd4 Bb7 17. Rb1 Ra7 18. Be3 Nxe3 19. fxe3 Bd5 20. Nc3 Bxg2 21.
Kxg2 Rc7 22. Rd2 Nd7 23. Rdb2 Rfc8 24. Rb7 g6 25. Kf2 Nf6 26. h3 Bc5 27. Ke1 h5
28. Kd2 Rxb7 29. Rxb7 Rd8 30. Kc2 Nd5 31. Nxd5 Rxd5 32. Nf3 Bxe3 33. Kc3 Rc5 34.
Rb4 Ra5 35. a4 Rc5 36. Rb6 a5 37. Rb5 f6 38. Rxc5 Bxc5 39. Kxc4 Bb4 40. g4 hxg4
41. hxg4 Kf7 42. e4 f5 43. gxf5 exf5 44. exf5 gxf5 45. Kd4 Ke6 46. Ng5+ Kf6 47.
Nf3 Be7 48. Ke3 Bd8 49. Nd2 Ke6 50. Nb3 Ke5 51. Kf3 Bc7 52. Nd2 Kd5 53. Nb3 Bb6
54. Kf4 Ke6 55. Kf3 Kf6 56. Kf4 Bc7+ 57. Kf3 Kg5 58. Nd4 Bd6 59. Nb3 Bb4 60. Nd4
Kf6 61. Nb3 Ke5 62. Nc1 Bd6 63. Nb3 Bc7 64. Nd2 Kd4 65. Nb3+ Kd5 66. Ke3 Kc4 67.
Nxa5+ Bxa5 68. Kf4 Kb4 69. Kxf5 Kxa4 70. Ke4 1/2-1/2

[Event "Sardinia World Open A"]
[Site "Orosei ITA"]
[Date "2026.05.05"]
[Round "4.16"]
[White "Sokolovsky, Yahli"]
[Black "Petcu, Gabriel"]
[Result "1/2-1/2"]
[WhiteTitle "GM"]
[BlackTitle "FM"]
[WhiteElo "2564"]
[BlackElo "2323"]
[WhiteFideId "2820242"]
[BlackFideId "28548485"]
[EventDate "2026.05.03"]

1. e4 c5 2. Nf3 d6 3. d4 cxd4 4. Nxd4 Nf6 5. Nc3 a6 6. Be3 e5 7. Nb3 Be6 8. f3
h5 9. Be2 Nbd7 10. f4 Rc8 11. f5 Bc4 12. Bxc4 Rxc4 13. Qd3 Rc8 14. O-O-O Be7 15.
h3 h4 16. Rhg1 b5 17. Kb1 Qc7 18. a3 Qc4 19. Nd2 Qxd3 20. cxd3 Bd8 21. Rc1 Bb6
22. Bxb6 Nxb6 23. a4 b4 24. Na2 Kd7 25. a5 Na4 26. b3 Nc5 27. Nc4 Rc7 28. Nxb4
Rb8 29. Nb6+ Rxb6 30. axb6 Rb7 31. Rc3 Rxb6 32. Nc2 Nxb3 33. Ka2 Nc5 34. Rd1 Rb5
35. Na3 Ra5 36. Rc4 Nh5 37. d4 Nxe4 38. Rb1 Ke7 39. Rbb4 Nhg3 40. Rc7+ Kf6 41.
dxe5+ Rxe5 42. Nc4 Rxf5 43. Ne3 Rf2+ 44. Rb2 Rxb2+ 45. Kxb2 Ke6 46. Kc2 Nc5 47.
Rc8 Nf5 48. Nc4 Kd5 49. Kc3 Ne4+ 50. Kd3 Nc5+ 51. Kc3 Ne4+ 52. Kd3 Nc5+ 1/2-1/2

[Event "Sardinia World Open A"]
[Site "Orosei ITA"]
[Date "2026.05.05"]
[Round "4.17"]
[White "Smirin, Ilia"]
[Black "Szwed, Jacek"]
[Result "1-0"]
[WhiteTitle "GM"]
[BlackTitle "FM"]
[WhiteElo "2562"]
[BlackElo "2316"]
[WhiteFideId "2801990"]
[BlackFideId "1126431"]
[EventDate "2026.05.03"]

1. c4 e6 2. g3 d5 3. Bg2 dxc4 4. Qa4+ Nd7 5. Qxc4 e5 6. Nf3 Be7 7. b3 Ngf6 8.
Bb2 Bd6 9. Nc3 c6 10. Ng5 O-O 11. Nce4 Nxe4 12. Nxe4 Be7 13. O-O Kh8 14. f4 f5
15. Ng5 Bxg5 16. fxg5 Qxg5 17. Qc3 Re8 18. Qa5 Qh5 19. e4 fxe4 20. Bxe4 Nf6 21.
Rae1 Bh3 22. Bf3 Qg6 23. Rf2 e4 24. Bh1 Nd5 25. Qc5 h5 26. Qd4 Nf6 27. Rf4 Rad8
28. Qxa7 Rd3 29. Bxf6 Rxg3+ 30. Kf2 e3+ 31. Rxe3 Rgxe3 32. dxe3 gxf6 33. Qd4 Re6
34. Be4 Qg5 35. Bf3 Bf5 36. Qd8+ Kg7 37. Qd7+ Kh6 38. Qxb7 Bg4 39. Qb4 c5 40.
Qc3 Bxf3 41. Kxf3 Re5 42. h4 Qg6 43. a4 Rf5 44. Rxf5 Qxf5+ 45. Ke2 Qg4+ 46. Ke1
Qf3 47. Qxc5 Qg3+ 48. Kd2 Qxh4 49. a5 Qf2+ 50. Kd3 h4 51. Qc8 Qf1+ 52. Kd2 h3
53. a6 h2 54. Qh8+ Kg6 55. Qxh2 Qxa6 56. Qg3+ Kf7 57. Qc7+ Kg6 58. Qc4 Qa3 59.
b4 f5 60. b5 Kg5 61. Ke2 Qb2+ 62. Kd3 Qb1+ 63. Ke2 Qb2+ 64. Kf3 Qb1 65. Qf4+ Kg6
66. Qd6+ Kg5 67. Qg3+ Kf6 68. Qd6+ Kg5 69. Qd8+ Kg6 70. Qe8+ Kf6 71. Kg3 Kg5 72.
Qc6 Qd3 73. Kh3 1-0

[Event "Sardinia World Open A"]
[Site "Orosei ITA"]
[Date "2026.05.05"]
[Round "4.18"]
[White "Kreken, Eivind Grunt"]
[Black "Sonis, Francesco"]
[Result "0-1"]
[WhiteTitle "FM"]
[BlackTitle "GM"]
[WhiteElo "2325"]
[BlackElo "2556"]
[WhiteFideId "1532359"]
[BlackFideId "895733"]
[EventDate "2026.05.03"]

1. d4 Nf6 2. c4 e6 3. Nc3 Bb4 4. e3 b6 5. Ne2 Ne4 6. Bd2 Nxd2 7. Qxd2 Bb7 8. a3
Be7 9. Nf4 d6 10. Bd3 Nd7 11. O-O-O c6 12. Qc2 g6 13. Kb1 Qc7 14. h4 e5 15. Nfe2
Nf6 16. f3 O-O-O 17. g4 exd4 18. exd4 Kb8 19. g5 Nh5 20. f4 f6 21. f5 fxg5 22.
hxg5 Bxg5 23. fxg6 hxg6 24. Bxg6 Nf4 25. Nxf4 Bxf4 26. Be4 Bh6 27. Qd3 Bg7 28.
Rxh8 Rxh8 29. Rh1 Rxh1+ 30. Bxh1 Qf7 31. Qg3 Qf6 32. c5 Bf8 33. cxd6 Bxd6 34.
Qd3 a6 35. Be4 Kc7 36. Qc4 Kd7 37. Qd3 Qg7 38. Qh3+ Kc7 39. Qh7 Qxh7 40. Bxh7
Bf8 41. Kc2 a5 42. a4 Bg7 43. Ne2 Kd6 44. Bd3 Bc8 45. Bc4 Bf5+ 46. Kd2 c5 47.
dxc5+ Kxc5 48. b3 Kb4 49. Kc1 Ka3 50. Ng3 Bg6 51. Nf1 Bh6+ 52. Nd2 Kb4 53. Kd1
Kc3 54. Nf3 Bc2+ 55. Ke2 Bxb3 56. Bxb3 Kxb3 57. Kd3 Kxa4 58. Kc2 Kb4 0-1

[Event "Sardinia World Open A"]
[Site "Orosei ITA"]
[Date "2026.05.05"]
[Round "4.19"]
[White "Hercegovac, Neven"]
[Black "Prraneeth, Vuppala"]
[Result "0-1"]
[WhiteTitle "FM"]
[BlackTitle "GM"]
[WhiteElo "2307"]
[BlackElo "2515"]
[WhiteFideId "2839135"]
[BlackFideId "46622373"]
[EventDate "2026.05.03"]

1. e4 e5 2. Nf3 Nc6 3. Bc4 Bc5 4. Nc3 Nf6 5. d3 h6 6. O-O d6 7. Na4 Bb6 8. a3
Bg4 9. c3 Qd7 10. b4 Ne7 11. Nxb6 axb6 12. Re1 O-O 13. h3 Bh5 14. d4 Ng6 15.
dxe5 Bxf3 16. Qxf3 Nxe5 17. Qe2 Rfe8 18. Bb3 Qc6 19. c4 Nxe4 20. Bb2 Ng5 21. b5
Nef3+ 22. gxf3 Nxf3+ 23. Kf1 Rxe2 24. bxc6 Rxb2 25. cxb7 Rb8 26. Re7 Nd2+ 27.
Kg1 Nxb3 28. Rae1 Rxb7 29. Re8+ Kh7 30. R1e7 Nc5 31. Rxf7 c6 0-1

[Event "Sardinia World Open A"]
[Site "Orosei ITA"]
[Date "2026.05.05"]
[Round "4.20"]
[White "Ilinca, Felix-Antonio"]
[Black "Stanford, Maxim Barth"]
[Result "1-0"]
[WhiteTitle "IM"]
[BlackTitle "IM"]
[WhiteElo "2486"]
[BlackElo "2273"]
[WhiteFideId "54764998"]
[BlackFideId "408280"]
[EventDate "2026.05.03"]

1. d4 Nf6 2. c4 e6 3. Nf3 d5 4. Nc3 Be7 5. cxd5 exd5 6. Bf4 c6 7. h3 Bf5 8. g4
Bg6 9. Ne5 Nbd7 10. Nxg6 hxg6 11. e3 Nf8 12. Bd3 Ne6 13. Bg3 Bd6 14. Qf3 Qc7 15.
Bxd6 Qxd6 16. h4 b5 17. O-O-O b4 18. Na4 Nd7 19. Kb1 Nb6 20. Bc2 Nc4 21. Qe2 Kf8
22. h5 gxh5 23. gxh5 Re8 24. Bb3 Na5 25. Bc2 b3 26. axb3 Rb8 27. Ka2 Rb5 28. f4
Qe7 29. Qd2 Qb7 30. f5 Nc7 31. Nc5 Qc8 32. Bd3 Rxc5 33. dxc5 Nb7 34. Qc3 Ne8 35.
h6 Rxh6 36. Rxh6 gxh6 37. Qh8+ Ke7 38. Qe5+ Kd8 39. Ba6 Qc7 40. Qxc7+ Kxc7 41.
b4 Nf6 42. Rh1 h5 43. Kb3 Nd8 44. Kc2 Kd7 45. Be2 Ne4 46. Rxh5 Ng3 47. Rh2 Ke7
48. Bd3 1-0

[Event "Sardinia World Open A"]
[Site "Orosei ITA"]
[Date "2026.05.05"]
[Round "4.21"]
[White "Llari, Marc"]
[Black "Gharibyan, Mamikon"]
[Result "1/2-1/2"]
[WhiteTitle "FM"]
[BlackTitle "GM"]
[WhiteElo "2273"]
[BlackElo "2477"]
[WhiteFideId "651044269"]
[BlackFideId "13308300"]
[EventDate "2026.05.03"]

1. e4 c5 2. Nf3 Nc6 3. Bb5 e6 4. Bxc6 bxc6 5. d3 Qc7 6. O-O e5 7. Nh4 d5 8. f4
Be7 9. Qe1 Qd8 10. Nf3 exf4 11. Bxf4 Nf6 12. Nbd2 O-O 13. b3 a5 14. h3 a4 15. e5
Ne8 16. Qg3 Bf5 17. Bg5 Nc7 18. Rac1 Ne6 19. Bxe7 Qxe7 20. Rf2 Bg6 21. Qg4 axb3
22. axb3 Ra2 23. Nf1 f5 24. exf6 Qxf6 25. Ne3 Nf4 26. Rcf1 Qe7 27. Re1 Bh5 28.
Qg3 Bxf3 29. Rxf3 Ra1 30. Kf1 Rxe1+ 31. Qxe1 Nxh3 32. Nf5 Qxe1+ 33. Kxe1 Re8+
34. Kd2 Ng5 35. Re3 Rxe3 36. Kxe3 Kf8 37. Kf4 Nf7 38. c4 g6 39. Ne3 dxc4 40.
dxc4 Ke7 41. Ng4 Ke6 42. Nf2 g5+ 43. Ke3 Nd6 44. Nd3 Nb7 45. g4 h6 46. Ke4 Nd6+
47. Ke3 Nb7 48. Ke4 Kf6 49. Ke3 Ke7 50. Ke4 Ke6 51. Ke3 Kd6 52. Ke4 Na5 53. Kf5
Nxb3 54. Kg6 Nd2 55. Kxh6 Nxc4 56. Kxg5 Ne5 57. Ne1 Kd5 58. Kf4 Nxg4 59. Kxg4
Ke4 60. Kg5 c4 61. Kf6 c3 62. Ke6 Ke3 63. Ke5 c5 64. Kd5 Kd2 65. Kc4 1/2-1/2

[Event "Sardinia World Open A"]
[Site "Orosei ITA"]
[Date "2026.05.05"]
[Round "4.22"]
[White "Dronavalli, Harika"]
[Black "Solomon, Kenneth Terence"]
[Result "1/2-1/2"]
[WhiteTitle "GM"]
[BlackTitle "GM"]
[WhiteElo "2470"]
[BlackElo "2270"]
[WhiteFideId "5015197"]
[BlackFideId "14300192"]
[EventDate "2026.05.03"]

1. d4 Nf6 2. Nf3 d5 3. e3 c5 4. Nbd2 e6 5. c3 Nc6 6. Bd3 Bd6 7. dxc5 Bxc5 8. b4
Bd6 9. a3 a5 10. Bb2 O-O 11. O-O Ne5 12. Nxe5 Bxe5 13. f4 Bd6 14. e4 dxe4 15.
Nxe4 Nxe4 16. Bxe4 f5 17. Bc2 Qc7 18. Qd2 Rd8 19. Qf2 e5 20. Bb3+ Kh8 21. c4
axb4 22. axb4 Rxa1 23. Bxa1 Bxb4 24. Bxe5 Qc5 25. Qxc5 1/2-1/2

[Event "Sardinia World Open A"]
[Site "Orosei ITA"]
[Date "2026.05.05"]
[Round "4.23"]
[White "Srinath, Rao S.V."]
[Black "Sai, Krishna G V"]
[Result "1/2-1/2"]
[WhiteTitle "IM"]
[BlackTitle "IM"]
[WhiteElo "2296"]
[BlackElo "2443"]
[WhiteFideId "5028876"]
[BlackFideId "5028280"]
[EventDate "2026.05.03"]

1. e4 e5 2. Nf3 Nc6 3. Bc4 Nf6 4. d3 a6 5. c3 Bc5 6. b4 Ba7 7. Be3 d5 8. exd5
Nxd5 9. Bxa7 Rxa7 10. O-O O-O 11. Re1 Nf4 12. b5 Na5 13. Nxe5 axb5 14. Bxf7+
Rxf7 15. Nxf7 Qd5 16. Re4 Qxf7 17. Nd2 Nc6 18. Qf3 Nd5 19. Rae1 Bd7 20. c4 Qxf3
21. Nxf3 bxc4 22. dxc4 Nf6 23. Rf4 Rxa2 24. h3 Ra4 25. Rb1 b6 26. g4 Nd5 27.
cxd5 Rxf4 28. dxc6 Bxc6 29. Ne5 Be8 30. Rc1 c5 31. Nc4 Rf6 32. g5 Re6 33. f4 b5
34. f5 Re2 35. Nd6 c4 36. Kf1 Re5 37. Ra1 Rd5 38. Nxe8 Rxf5+ 39. Kg2 Rxg5+ 40.
Kf3 Kf7 41. Nd6+ Ke6 42. Ra6 Kd7 43. Ne4 Rf5+ 44. Ke3 Rh5 45. Nf2 Rd5 46. Ke4
Rd2 47. Ng4 Kc7 48. Ne3 Kb7 49. Ra5 Kb6 50. Ra8 Kc5 51. Rc8+ Kb4 52. Nd5+ Ka3
53. Ra8+ Kb3 54. Rb8 c3 55. Rxb5+ Kc4 56. Nxc3 Kxc3 57. Rc5+ Kb4 58. Rc7 Rg2 59.
Kf3 Rg1 60. Kf2 Rg6 61. h4 Kb5 62. h5 Rg5 63. h6 gxh6 64. Rxh7 Rg6 65. Kf3 Kc5
66. Kf4 Kd5 67. Kf5 Rd6 68. Kg4 Ke5 69. Kh5 Kf5 70. Rf7+ Ke5 71. Rf1 Ra6 72. Rf8
Rf6 73. Rxf6 Kxf6 74. Kxh6 Ke5 1/2-1/2

[Event "Sardinia World Open A"]
[Site "Orosei ITA"]
[Date "2026.05.05"]
[Round "4.24"]
[White "Fulgentini, Edoardo"]
[Black "Zwirs, Nico"]
[Result "0-1"]
[BlackTitle "IM"]
[WhiteElo "2264"]
[BlackElo "2434"]
[WhiteFideId "28557050"]
[BlackFideId "1036432"]
[EventDate "2026.05.03"]

1. e4 c5 2. Nf3 d6 3. d4 cxd4 4. Nxd4 Nf6 5. Nc3 a6 6. Rg1 e5 7. Nb3 h5 8. Bg5
Be6 9. Qd2 Nbd7 10. O-O-O b5 11. f4 Be7 12. Bxf6 Nxf6 13. Kb1 Qb6 14. f5 Bd7 15.
Be2 a5 16. Nd5 Nxd5 17. Qxd5 Bc6 18. Qd3 a4 19. Nd2 a3 20. b3 Qc5 21. c3 Rd8 22.
b4 Qb6 23. Bf3 h4 24. Nb3 Bg5 25. Na5 Ba8 26. Be2 Ke7 27. Bf3 Bf4 28. h3 Rd7 29.
Rge1 Rc7 30. Re2 Rd8 31. Qc2 Rdc8 32. Rd3 Rxc3 33. Qxc3 Rxc3 34. Rxc3 Qg1+ 35.
Kc2 Qc1+ 36. Kb3 Qb1+ 37. Kxa3 Bc1+ 38. Rxc1 Qxc1+ 39. Kb3 Qd1+ 40. Rc2 Qd3+ 41.
Kb2 Bxe4 0-1

[Event "Sardinia World Open A"]
[Site "Orosei ITA"]
[Date "2026.05.05"]
[Round "4.25"]
[White "Caprio, Guido"]
[Black "Redzisz, Michal"]
[Result "1-0"]
[WhiteTitle "IM"]
[BlackTitle "FM"]
[WhiteElo "2430"]
[BlackElo "2265"]
[WhiteFideId "834580"]
[BlackFideId "21816107"]
[EventDate "2026.05.03"]

1. d3 d5 2. Nf3 Nf6 3. Nbd2 Nc6 4. c4 e5 5. Qa4 Bd6 6. c5 Bxc5 7. Nxe5 Bd7 8.
Nxd7 Qxd7 9. e3 Ne7 10. Qc2 Bd6 11. g3 h5 12. Nf3 O-O-O 13. Bd2 Kb8 14. Be2 Ng6
15. O-O-O h4 16. Ng5 Nh7 17. Nxh7 Rxh7 18. f4 hxg3 19. hxg3 Rdh8 20. Rxh7 Rxh7
21. Bf3 c6 22. Be1 Bc7 23. e4 Ne7 24. Qe2 Rh8 25. Kb1 f6 26. Bb4 Bd6 27. Bg4 Qc7
28. Bc3 Bc5 29. d4 Bb6 30. e5 f5 31. Bb4 c5 32. dxc5 Bxc5 33. Rc1 b6 34. Bf3 Rc8
35. Qb5 Ka8 36. Ba3 a5 37. Rc3 Qa7 38. Bxc5 bxc5 39. Ra3 Rb8 40. Bxd5+ Nxd5 41.
Qc6+ Rb7 42. Qxd5 Qa6 43. Qd8+ 1-0

[Event "Sardinia World Open A"]
[Site "Orosei ITA"]
[Date "2026.05.05"]
[Round "4.26"]
[White "Castellanos Villela, Alejandro"]
[Black "Manukyan, Sargis A."]
[Result "1/2-1/2"]
[WhiteTitle "FM"]
[BlackTitle "FM"]
[WhiteElo "2271"]
[BlackElo "2376"]
[WhiteFideId "3446379"]
[BlackFideId "13303970"]
[EventDate "2026.05.03"]

1. e4 c5 2. Nf3 Nc6 3. Bb5 a6 4. Bxc6 bxc6 5. O-O d5 6. Nc3 e6 7. e5 Ne7 8. Na4
Ng6 9. b3 f6 10. Qe2 Ra7 11. Ba3 fxe5 12. Nxe5 Nxe5 13. Qxe5 Bd6 14. Qe3 d4 15.
Qe4 Qe7 16. Bxc5 Bxc5 17. Qxc6+ Bd7 18. Qxc5 Bxa4 19. Qc8+ Qd8 20. Qxd8+ Kxd8
21. bxa4 Ke7 22. Rab1 Rc8 23. Rfc1 Rc4 24. Kf1 Rxa4 25. Rb2 Rc7 26. Ke2 Ra3 27.
d3 Rc5 28. Kd2 Ra4 29. Re1 Kf6 30. Re4 g5 31. Kc1 h5 32. Kb1 e5 33. f3 Rb5 34.
Rxb5 axb5 35. h4 gxh4 36. Rxh4 Kg5 37. Re4 Kf5 38. g3 Rb4+ 39. Ka1 Ra4 40. f4
exf4 41. Rxf4+ Kg5 42. Kb2 Rb4+ 43. Ka3 Rb1 44. Rxd4 Rg1 45. Rd5+ Kg4 46. Rxb5
Rxg3 47. Rb8 h4 48. Kb4 Rg2 49. Rg8+ Kf3 50. Rf8+ Kg3 51. c4 h3 52. Rg8+ Kf4 53.
Rh8 h2 54. a4 Kg3 55. c5 Rg1 56. c6 h1=Q 57. Rxh1 Rxh1 58. a5 Kf4 59. a6 Ke5 60.
a7 Kd4 61. c7 Rh8 62. Kb5 Kd5 63. d4 Kd6 64. Kb6 Rc8 65. a8=Q 1/2-1/2

[Event "Sardinia World Open A"]
[Site "Orosei ITA"]
[Date "2026.05.05"]
[Round "4.27"]
[White "Evenshaug, Amadeus Hestvik"]
[Black "Jaidambareesh N R"]
[Result "0-1"]
[WhiteTitle "CM"]
[BlackTitle "FM"]
[WhiteElo "2220"]
[BlackElo "2373"]
[WhiteFideId "1534874"]
[BlackFideId "46656391"]
[EventDate "2026.05.03"]

1. d4 d5 2. Nf3 Nf6 3. g3 g6 4. Bg2 Bg7 5. O-O O-O 6. c4 c6 7. Nc3 dxc4 8. e4 a5
9. Qe2 b5 10. Rd1 Ba6 11. d5 Qc8 12. dxc6 Nxc6 13. e5 Nd7 14. e6 Nc5 15. exf7+
Kh8 16. Nd5 Rb8 17. Bf4 Rb7 18. Ne5 Qe6 19. Re1 Nxe5 20. Bxe5 Qxe5 21. Qxe5 Bxe5
22. Rxe5 Nd3 23. Re6 Ra7 24. Nxe7 Nc5 25. Rc6 Nd3 26. Re6 Nxb2 27. Nc6 Raxf7 28.
Nxa5 Rf6 29. Rxf6 Rxf6 30. a3 Rd6 31. Nc6 Bc8 32. Nb4 Bd7 33. Bd5 Nd3 34. Be4
Nc5 35. Bd5 Kg7 36. f4 Na4 37. Rc1 Nb6 38. Be4 Rd2 39. Rc2 Rd4 40. Bc6 Bxc6 41.
Nxc6 Rd3 42. Na7 Rb3 43. Kf2 Kf6 44. Ke2 Kf5 45. Nc6 Ke4 46. Na7 Kd5 47. Ra2 Kc5
48. Kd2 Rd3+ 49. Kc2 Rd7 50. Nxb5 Kxb5 0-1

[Event "Sardinia World Open A"]
[Site "Orosei ITA"]
[Date "2026.05.05"]
[Round "4.29"]
[White "Kantane, Anna"]
[Black "Mond, Omri"]
[Result "1/2-1/2"]
[WhiteTitle "WIM"]
[WhiteElo "2216"]
[BlackElo "2083"]
[WhiteFideId "1135988"]
[BlackFideId "2851261"]
[EventDate "2026.05.03"]

1. e4 e5 2. Nf3 Nc6 3. Bb5 a6 4. Ba4 Nf6 5. Bxc6 dxc6 6. d3 Bc5 7. Nbd2 O-O 8.
Nc4 Re8 9. O-O Nd7 10. b3 f6 11. Nh4 Nf8 12. Kh1 Ng6 13. Nxg6 hxg6 14. f4 b5 15.
Na5 Bb6 16. b4 exf4 17. Bxf4 c5 18. a3 Bxa5 19. bxa5 Be6 20. Qf3 Kf7 21. Be3 Qd6
22. Bf4 Qd7 23. Qf2 Qc6 24. Rae1 Rh8 25. Qg3 Rac8 26. Rf3 Rh5 27. Ref1 c4 28.
Be5 Rch8 29. Bxc7 Rxh2+ 30. Qxh2 Rxh2+ 31. Bxh2 cxd3 32. cxd3 Qc3 33. Bd6 Bg4
34. Bb4 Qc2 35. Re3 Be2 36. Re1 Bxd3 37. e5 fxe5 38. Rxe5 Qc4 39. Re8 Qh4+ 40.
Kg1 Qd4+ 41. Kh1 Qh4+ 42. Kg1 Qd4+ 43. R1e3 g5 44. Kf2 Qh4+ 45. Kg1 Qd4 46. Kf2
Qb2+ 47. Kg3 Qd4 48. Kf2 1/2-1/2

[Event "Sardinia World Open A"]
[Site "Orosei ITA"]
[Date "2026.05.05"]
[Round "4.30"]
[White "Lortkipanidze, Nodar"]
[Black "Saine, Zachary"]
[Result "1-0"]
[WhiteTitle "IM"]
[WhiteElo "2363"]
[BlackElo "2135"]
[WhiteFideId "13604058"]
[BlackFideId "2624346"]
[EventDate "2026.05.03"]

1. e4 e5 2. Nf3 Nc6 3. d4 exd4 4. Nxd4 Nf6 5. Nxc6 bxc6 6. e5 Qe7 7. Qe2 Nd5 8.
g3 g6 9. c4 Ba6 10. b3 Bg7 11. Bb2 O-O 12. Bg2 Rae8 13. O-O Bxe5 14. Qxe5 Qxe5
15. Bxe5 Rxe5 16. cxd5 Bxf1 17. Kxf1 cxd5 18. Na3 c6 19. Rd1 Rfe8 20. Bf3 a5 21.
Nc2 Rb8 22. Be2 f5 23. Rd3 Kf7 24. Ke1 Rbe8 25. Rd2 Kf6 26. Kd1 g5 27. h3 h5 28.
Bxh5 Rh8 29. g4 f4 30. Nd4 Re4 31. Nf3 a4 32. h4 gxh4 33. Nxh4 axb3 34. axb3 Ra8
35. Nf3 Ra1+ 36. Kc2 Ra2+ 37. Kd3 Rxd2+ 38. Kxd2 c5 39. g5+ Kg7 40. Bg4 d6 41.
Bf5 Rb4 42. Bc2 d4 43. Nh4 d5 44. Ng2 c4 45. Nxf4 cxb3 46. Bb1 Rc4 47. Nd3 Rc8
48. f4 Rh8 49. Kc1 Rh2 50. f5 Rg2 51. g6 Rh2 52. Nb2 Kf6 53. Na4 Rg2 54. Bd3 Rh2
55. Nc5 Rg2 56. Nxb3 Rg3 57. Kd2 Rg2+ 58. Ke1 Rg3 59. Ke2 Ke5 60. Nc5 Kf6 61.
Kf2 Rg4 62. Nd7+ Ke7 63. Nb6 Kd6 64. Kf3 Rg1 65. f6 Ke6 66. f7 Ke7 67. Nd7 1-0

[Event "Sardinia World Open A"]
[Site "Orosei ITA"]
[Date "2026.05.05"]
[Round "4.31"]
[White "Kavutskiy, Kostya"]
[Black "Lalit Babu M R"]
[Result "1/2-1/2"]
[WhiteTitle "IM"]
[BlackTitle "GM"]
[WhiteElo "2318"]
[BlackElo "2532"]
[WhiteFideId "2026384"]
[BlackFideId "5024595"]
[EventDate "2026.05.03"]

1. Nf3 d5 2. c4 e6 3. g3 Nf6 4. Bg2 dxc4 5. Qa4+ Nbd7 6. Qxc4 a6 7. Qc2 c5 8.
Nc3 Qc7 9. O-O b5 10. a4 b4 11. Nd1 Bb7 12. b3 Ne5 13. Nxe5 Bxg2 14. Kxg2 Qxe5
15. Ne3 Rd8 16. d3 h5 17. Bb2 Qd6 18. h4 Be7 19. Rfd1 Nd5 20. Nxd5 Qxd5+ 21. e4
Qd6 22. d4 O-O 23. dxc5 Qxc5 24. Qxc5 Bxc5 25. Rac1 Ba7 26. Kf1 Rxd1+ 27. Rxd1
Rc8 28. Rd2 Kf8 29. Ke2 f6 30. f3 Ke7 31. Bd4 Bxd4 32. Rxd4 a5 33. f4 Rc1 34.
Rd1 Rc2+ 35. Rd2 Rc1 36. Rd1 Rc2+ 1/2-1/2

[Event "Sardinia World Open A"]
[Site "Orosei ITA"]
[Date "2026.05.06"]
[Round "5.1"]
[White "Nepomniachtchi, Ian"]
[Black "Zeng, Chongsheng"]
[Result "1-0"]
[WhiteTitle "GM"]
[BlackTitle "GM"]
[WhiteElo "2729"]
[BlackElo "2557"]
[WhiteFideId "4168119"]
[BlackFideId "8603847"]
[EventDate "2026.05.03"]

1. e4 e5 2. Nf3 Nc6 3. Bb5 a6 4. Ba4 Nf6 5. O-O Nxe4 6. d4 b5 7. Bb3 d5 8. dxe5
Be6 9. c3 Be7 10. Bc2 Bg4 11. Qe1 Bxf3 12. gxf3 Qd7 13. Qe2 Nc5 14. f4 Qe6 15.
Be3 O-O 16. Nd2 f6 17. exf6 Rxf6 18. Rfe1 Qh3 19. Rad1 Ne6 20. Qf3 Nxf4 21. Bxf4
Qxf3 22. Nxf3 Rxf4 23. Bb3 Rd8 24. Rxd5 Kf8 25. Rxd8+ Bxd8 26. Bd5 Rf6 27. Be4
h6 28. a4 Be7 29. axb5 axb5 30. Ra1 Ke8 31. Ra8+ Kd7 32. Ra6 Nb8 33. Ne5+ Kc8
34. Ra8 Ra6 35. Rxa6 Nxa6 36. Bd3 Bf6 37. Ng4 c6 38. Nxf6 gxf6 39. Kg2 Nc5 40.
Bc2 Kc7 41. Kf3 Kd6 42. Kg4 Na4 43. Kh5 Nxb2 44. Kxh6 Na4 45. h4 Ke7 46. Kg7 Nc5
47. Bf5 Nb7 48. h5 Nd8 49. h6 Nf7 50. h7 c5 51. Bg6 Nh8 52. Kxh8 Kf8 53. Be4 1-0

[Event "Sardinia World Open A"]
[Site "Orosei ITA"]
[Date "2026.05.06"]
[Round "5.2"]
[White "Svane, Frederik"]
[Black "Kuru, Atilla"]
[Result "1-0"]
[WhiteTitle "GM"]
[BlackTitle "IM"]
[WhiteElo "2645"]
[BlackElo "2464"]
[WhiteFideId "12923044"]
[BlackFideId "51607948"]
[EventDate "2026.05.03"]

1. e4 d6 2. d4 Nf6 3. Nc3 e5 4. Nf3 Nbd7 5. Bd3 Be7 6. O-O O-O 7. Be3 c6 8. h3
Re8 9. a4 exd4 10. Bxd4 Nf8 11. Re1 Ne6 12. Be3 d5 13. exd5 Nxd5 14. Nxd5 Qxd5
15. a5 Bf6 16. c3 Rd8 17. Be2 Qf5 18. Qa4 Nc7 19. Rad1 Nd5 20. g4 Qg6 21. Bd3
Nxc3 22. Bxg6 Nxa4 23. Rxd8+ Bxd8 24. Bc2 Nxb2 25. Bd4 Be6 26. Bxb2 Bxa5 27. Re2
Bd5 28. Nh4 Bb4 29. Nf5 Bf8 30. Ne7+ Bxe7 31. Rxe7 b5 32. Bc3 g6 33. Ba5 Rb8 34.
Rxa7 b4 35. Bd3 b3 36. Bc7 Re8 37. Kf1 c5 38. Ra5 b2 39. Rb5 c4 40. Bc2 Bf3 41.
Rxb2 Kg7 42. Rb5 f6 43. Ba5 Re5 44. Rxe5 fxe5 45. g5 Kf7 46. Ke1 1-0

[Event "Sardinia World Open A"]
[Site "Orosei ITA"]
[Date "2026.05.06"]
[Round "5.3"]
[White "Lodici, Lorenzo"]
[Black "Martirosyan, Haik M."]
[Result "1/2-1/2"]
[WhiteTitle "GM"]
[BlackTitle "GM"]
[WhiteElo "2590"]
[BlackElo "2636"]
[WhiteFideId "884189"]
[BlackFideId "13306553"]
[EventDate "2026.05.03"]

1. e4 e5 2. Nf3 Nc6 3. Bb5 Nf6 4. Nc3 Nd4 5. Bc4 c6 6. Bd3 Nxf3+ 7. Qxf3 d6 8.
Be2 g6 9. O-O h5 10. Bc4 b5 11. Bb3 Bg4 12. Qe3 Bh6 13. Qe1 a5 14. a3 a4 15. Ba2
h4 16. f3 Bd7 17. Ne2 Nh5 18. d4 Bxc1 19. Qxc1 exd4 20. Nxd4 Qf6 21. Ne2 O-O 22.
Qd2 Rad8 23. c3 d5 24. exd5 Be6 25. Qd4 Bxd5 26. Bxd5 Rxd5 27. Qxf6 Nxf6 28.
Rad1 Rfd8 29. Rxd5 Rxd5 30. Nd4 Rd6 31. Re1 Kf8 32. Kf2 Nd7 33. Re4 Nb6 34. Rxh4
Nc4 35. Rh8+ Ke7 36. h4 c5 37. Nxb5 Rd2+ 38. Kg3 Rxb2 39. Nc7 Rb7 40. Na6 Ra7
41. Nxc5 Nxa3 42. Rb8 Kd6 43. Ne4+ Kd5 44. Nd2 Nc2 45. Rb2 Ne3 46. Nb1 Nc4 47.
Ra2 a3 48. Kf4 Ra4 49. Kg5 Ke6 50. Kh6 Kf6 51. g4 Ra8 52. Kh7 Ra5 53. Kh6 Ra7
54. f4 Ra4 55. Kh7 Ra8 56. Nxa3 Nxa3 57. Rd2 Nc4 58. Rd3 Re8 59. h5 gxh5 60.
gxh5 Ne3 61. Rd6+ Ke7 62. Ra6 Rc8 63. h6 Kf8 64. Ra5 Ng4 65. Ra6 Nf2 66. f5 Ne4
67. f6 Nxc3 68. Kh8 Nd5 69. Rd6 Nf4 70. Ra6 Nh5 71. Rd6 Nf4 72. Ra6 Ng6+ 73. Kh7
Ne5 74. Kh8 Ng4 75. Kh7 Re8 76. Rd6 Ra8 77. Rb6 Ne5 78. Rd6 Ng6 79. Rb6 Ne5 80.
Kh8 Nd7 81. Rd6 Ne5 1/2-1/2